NLSUI OPAC header image

Serious fraud, investigation and trial (Record no. 29318)

MARC details
000 -LEADER
fixed length control field 01541nam a2200229Ia 4500
003 - CONTROL NUMBER IDENTIFIER
control field OSt
005 - DATE AND TIME OF LATEST TRANSACTION
control field 20210129103601.0
008 - FIXED-LENGTH DATA ELEMENTS--GENERAL INFORMATION
fixed length control field 160316s2009 xxu||||| |||| 00| 0 eng d
020 ## - INTERNATIONAL STANDARD BOOK NUMBER
International Standard Book Number 9781405734219
040 ## - CATALOGING SOURCE
Transcribing agency nls
082 ## - DEWEY DECIMAL CLASSIFICATION NUMBER
Classification number 345.4202
Item number NAP
100 ## - MAIN ENTRY--PERSONAL NAME
Personal name Napley Kingsley
245 ## - TITLE STATEMENT
Title Serious fraud, investigation and trial
250 ## - EDITION STATEMENT
Edition statement 4th
260 ## - PUBLICATION, DISTRIBUTION, ETC.
Place of publication, distribution, etc. New Delhi
Name of publisher, distributor, etc. Lexis Nexis
Date of publication, distribution, etc. 2009
300 ## - PHYSICAL DESCRIPTION
Extent 847p
Dimensions xlix
365 ## - TRADE PRICE
Price amount Rs. 1,995
505 ## - FORMATTED CONTENTS NOTE
Formatted contents note Table of statutes;<br/>Table of statutory instruments;<br/>Table of cases;<br/>Chapter 1 - Fraud Offences;<br/>Introduction to fraud offences;<br/>Fraud Act 2006;<br/>Conspiracy to defraud;<br/>FSA criminal offences (including insider dealing);<br/>Money laundering;<br/>Cheat and HMRC offences;<br/>Companies Act offences;<br/>Cartel offences;<br/>Corruption;<br/>Chapter 2 - Fraud Prosecutors;<br/>The Serious Fraud Office;<br/>The Crown Prosecution Service/Fraud Prosecution Service;<br/>Financial Services Authority;<br/>HMRC;<br/>BERR;<br/>Chapter 3 - Fraud Investigations;<br/>Chapter 4 - Core Issues;<br/>Legal professional privilege;<br/>Abuse of process;<br/>Public interest immunity;<br/>Chapter 5 - Disclosure;<br/>Chapter 6 - Parallel proceedings;<br/>Chapter 7 - Transfer of cases;<br/>Chapter 8 - Dismissal;<br/>Chapter 9 - Procedural issues, preparatory hearings, case management and trial;<br/>Chapter 10 - Sentencing;<br/>Chapter 11 - Restraint;<br/>Chapter 12 - Confiscation;<br/>Chapter 13 - International issues;<br/>Mutual legal assistance;<br/>Extradition;<br/>Index <br/>
650 ## - SUBJECT ADDED ENTRY--TOPICAL TERM
Topical term or geographic name entry element 1. Fraud - U K 2. Fraud Investigation
700 ## - ADDED ENTRY--PERSONAL NAME
Personal name
--
942 ## - ADDED ENTRY ELEMENTS (KOHA)
Source of classification or shelving scheme Dewey Decimal Classification
Koha item type BOOKs
Holdings
Withdrawn status Lost status Damaged status Not for loan Home library Current library Shelving location Date acquired Cost, normal purchase price Total Checkouts Full call number Barcode Date last seen Price effective from Koha item type
        . .   30.05.2017 1995.00   345.4202 NAP 26727 30.05.2017 30.05.2017 BOOKs